[Event "CB Experts 2014"]
[Site "Charleroi"]
[Date "2014.07.10"]
[Round "6.2"]
[White "Sadikhov, Ulvi"]
[Black "Ringoir, Tanguy"]
[Result "1/2-1/2"]
[LiveChessVersion "1.4.3"]
[BlackElo "2506"]
[WhiteElo "2335"]

1. e4  e5  2. Nf3  Nc6
 3. Bb5  g6  4. d4
 exd4  5. Nxd4  Bg7
 6. Be3  Nf6  7. Nc3
 O-O  8. O-O  Ne7
 9. Nb3  c6  10. Be2
 d5  11. exd5  Nfxd5
 12. Nxd5  Nxd5  13. Bd4
 Qg5  14. Bxg7  Kxg7
 15. Qd4+  Kg8  16. f4
 Qe7  17. Bd3  Qe3+
 18. Qxe3  Nxe3  19. Rf3
 Nd5  20. a3  Re8 1/2-1/2

[Event "CB Experts 2014"]
[Site "Charleroi"]
[Date "2014.07.10"]
[Round "6.3"]
[White "Geirnaert, Steven"]
[Black "Malakhatko, Vadim"]
[Result "1/2-1/2"]
[LiveChessVersion "1.4.3"]
[BlackElo "2560"]
[WhiteElo "2419"]

1. d4  e6  2. c4  Bb4+
 3. Nc3  b6  4. e3
 Bb7  5. Nge2  c5
 6. a3  Ba5  7. Bd2
 Bxc3  8. Bxc3  Nf6
 9. Ng3  cxd4  10. Qxd4
 Nc6  11. Qh4  Qe7
 12. b4  d6  13. Be2
 Ne5  14. Bxe5  dxe5
 15. O-O  Nd7  16. Qxe7+
 Kxe7  17. Bf3  Bxf3
 18. gxf3  Rhc8  19. Rfc1
 a5  20. Rab1  f5
 21. Rc2  axb4  22. axb4
 Ra3  23. Kg2  g6
 24. Nf1  f4  25. exf4
 exf4  26. Nd2  Ne5
 27. c5  b5  28. Nb3
 Nc6  29. Re2  Ra4
 30. Rbe1  e5  31. Na5
 Rxb4  32. Nxc6+  Rxc6
 33. Rxe5+  Kf6  34. Rd5
 Rc4  35. Rb1  Ke6
 36. Rd8  R4xc5  37. Rb8
 Rg5+  38. Kf1  Rh5
 39. R8xb5  Rxh2  40. Kg1
 Rh4  41. Rb6  Rxb6
 42. Rxb6+  Kf5  43. Rb5+
 Kf6  44. Rb6+  Ke5
 45. Rb5+  Kd4  46. Rb4+
 Ke5  47. Rb5+  Kd6
 48. Rb4  Ke5  1/2-1/2

[Event "CB Experts 2014"]
[Site "Charleroi"]
[Date "2014.07.10"]
[Round "6.4"]
[White "Soors, Stef"]
[Black "Dgebuadze, Alexandre"]
[Result "1-0"]
[LiveChessVersion "1.4.3"]
[BlackElo "2487"]
[WhiteElo "2391"]

1. e4  e6  2. d4  d5
 3. Nd2  Ne7  4. Ngf3
 Nd7  5. Bd3  g6 
6. O-O  Bg7  7. Re1  O-O
 8. exd5  exd5  9. c3
 Nf6  10. Qb3  Nf5
 11. Bxf5  gxf5  12. Ne5
 c6  13. Ndf3  Ne4
 14. Bf4  Qb6  15. Nd3
 Re8  16. Re2  Qxb3
 17. axb3  b6  18. b4
 f6  19. Nd2  Kf7
 20. Nf1  a5  21. Re3
 Ba6  22. bxa5  Bxd3
 23. Rxd3  Rxa5  24. Rxa5
 bxa5  25. Ne3  Bf8
 26. f3  Bd6  27. Bh6
 Kg6  28. fxe4  fxe4
 29. Rd1  Be7  30. Bf4
 a4  31. Ra1  Ra8
 32. g4  h5  33. h3
 hxg4  34. hxg4  Ra5
 35. Nf5  Bf8  36. Kf2
 c5  37. dxc5  Bxc5+
 38. Be3  Bxe3+  39. Nxe3
 Rb5  40. Nd1  Kg5
 41. Kg3  e3  42. Kf3
 1-0

[Event "CB Experts 2014"]
[Site "Charleroi"]
[Date "2014.07.10"]
[Round "6.5"]
[White "Hovhannisyan, Mher"]
[Black "Le Quang, Kim"]
[Result "1-0"]
[LiveChessVersion "1.4.3"]
[BlackElo "2288"]
[WhiteElo "2513"]

1. e4  c5  2. c3  d6
 3. d4  Nf6  4. Bd3
 g6  5. Nf3  Bg7 
6. O-O  O-O  7. h3  Qc7
 8. Be3  e5  9. a4
 Nbd7  10. Na3  d5
 11. Nb5  Qb8  12. dxe5
 Nxe4  13. Be2  Nxe5
 14. Qxd5  Bf5  15. Rfd1
 Nd7  16. a5  Ndf6
 17. Qe5  Qc8  18. Qc7
 Qe6  19. g4  Bxg4
 20. hxg4  Nxg4  21. Qd7
 Nxe3  22. Qxe6  fxe6
 23. fxe3  Bh6  24. Kg2
 Bxe3  25. Nc7  Rac8
 26. Nxe6  Rf6  27. Bc4
 Kh8  28. Rd7  g5
 29. Rh1  h6  30. Rf1
 g4  31. Ne5  Bf2
 32. Nf7+  Kg8  33. Nd6
 Nxd6  34. Rxd6  Kh8
 35. Rxf2  1-0

[Event "CB Experts 2014"]
[Site "Charleroi"]
[Date "2014.07.11"]
[Round "7.1"]
[White "Dgebuadze, Alexandre"]
[Black "Hovhannisyan, Mher"]
[Result "1/2-1/2"]
[LiveChessVersion "1.4.3"]
[BlackElo "2513"]
[WhiteElo "2487"]

1. e4  e6  2. d4  d5
 3. exd5  exd5  4. Nf3
 Nf6  5. Bd3  Be7
 6. O-O  Bg4  7. Bf4
 O-O  8. Nbd2  Bd6
 9. Bxd6  Qxd6  10. c3
 Nbd7  11. Re1  Rfe8
 12. Qb3  b6  13. Qa4
 a5  14. h3  Bxf3
 15. Nxf3  c6  16. Qc2
 g6  17. Qd2  Kg7
 18. Rxe8  Rxe8  19. Re1
 Re6  20. Re3  Qe7
 21. Rxe6  Qxe6  1/2-1/2

[Event "CB Experts 2014"]
[Site "Charleroi"]
[Date "2014.07.11"]
[Round "7.2"]
[White "Le Quang, Kim"]
[Black "Sadikhov, Ulvi"]
[Result "1-0"]
[LiveChessVersion "1.4.3"]
[BlackElo "2335"]
[WhiteElo "2288"]

1. c4  g6  2. g3  Bg7
 3. Bg2  d6  4. Nc3
 Nf6  5. e4  O-O 
6. Nge2  c6  7. O-O  Qc7
 8. d3  a6  9. h3
 b5  10. Be3  Nfd7
 11. Qd2  bxc4  12. d4
 Nb6  13. Bh6  N8d7
 14. Bxg7  Kxg7  15. f4
 Bb7  16. g4  e5 
17. Ng3  f6  18. dxe5  dxe5
 19. f5  Nc5  20. g5
 Qd8  21. gxf6+  Qxf6 22. Qe3
 Nbd7  23. Rad1  Kh8
 24. b3  cxb3  25. axb3
 a5  26. Na4  Qe7
 27. f6  Rxf6  28. Rxf6
 Nxa4  29. Rxd7  Qxd7
 30. bxa4  Rd8  31. Kh2
 Qe7  32. Qg5  Re8
 33. h4  Qg7  34. h5
 gxh5  35. Qxg7+  Kxg7
 36. Nxh5+  Kg8  37. Bf1
 c5  38. Bc4+  Kh8
 39. Rf7  Bxe4  40. Nf6
 Bg6  41. Nxe8  Bxf7
 42. Bxf7  e4  43. Kg3
 h5  44. Bxh5  Kg8
 45. Nf6+  Kf8  46. Nxe4
 1-0

[Event "CB Experts 2014"]
[Site "Charleroi"]
[Date "2014.07.11"]
[Round "7.3"]
[White "Malakhatko, Vadim"]
[Black "Soors, Stef"]
[Result "0-1"]
[LiveChessVersion "1.4.3"]
[BlackElo "2391"]
[WhiteElo "2560"]

1. c4 e5  2. Nc3  Nf6  3. e3
 Nc6  4. a3  g6 
5. b4  Bg7  6. Bb2  O-O
 7. Nge2  Re8  8. d3
 a5  9. b5  Ne7 
10. Na4  d6  11. g3  g5
 12. Bg2  Ng6  13. Qc2
 Rb8  14. O-O  Bg4 15. Nac3
 Qd7  16. Ne4  Nxe4
 17. dxe4  Bh3  18. f3
 h5  19. Bxh3  Qxh3
 20. Qd2  g4  21. Nc3
 Bh6  22. Nd5  Re6
 23. f4  c6  24. f5
 cxd5  25. fxe6  fxe6
 26. cxd5  Nh4  27. Kh1
 Bxe3  28. Qe2  Nf3
 29. dxe6  h4  30. gxh4
 Rc8  31. e7  Kf7
 32. Bc1 Rc2  33. Bd2  Bxd2
 34. Rf2  Kxe7  35. Qd3
 Rb2  36. Qd5  Bc3
 37. Qxb7+  Kf6  0-1

[Event "CB Experts 2014"]
[Site "Charleroi"]
[Date "2014.07.11"]
[Round "7.4"]
[White "Van Der Stricht, Geert"]
[Black "Geirnaert, Steven"]
[Result "1-0"]
[LiveChessVersion "1.4.3"]
[BlackElo "2419"]
[WhiteElo "2350"]

1. d4  Nf6  2. c4  e6
 3. Nc3  Bb4 4. Qc2  O-O
 5. e4  d5  6. e5
 Ne4  7. Bd3  c5 
8. Nf3  cxd4  9. Nxd4  Nd7
 10. Bf4  Ndc5  11. O-O
 dxc4  12. Bxe4  Qxd4
 13. Bxh7+  Kh8  14. Ne2
 Qd5  15. Rfd1  Qc6
 16. Nd4  Qa4  17. b3
 cxb3  18. axb3  Qd7
 19. Nf3  Qe7  20. Bg5
 f6  21. Nh4  Qe8
 22. Ng6+  Kxh7  23. Nxf8+
 Kg8  24. Qh7+  Kf7
 25. Bxf6  Qxf8  26. Rd8
 Nd7  27. Rd1 Nxf6  28. exf6
 Kxf6  29. Qh4+  g5
 30. Rxf8+  Bxf8  31. Qh8+
 Ke7  32. Qg8 1-0

[Event "CB Experts 2014"]
[Site "Charleroi"]
[Date "2014.07.11"]
[Round "7.5"]
[White "Ringoir, Tanguy"]
[Black "Beukema, Stefan"]
[Result "1/2-1/2"]
[LiveChessVersion "1.4.3"]
[BlackElo "2305"]
[WhiteElo "2506"]

1. e4  e5  2. Nf3  Nc6
 3. Bb5  a6  4. Ba4
 Nf6  5. O-O  Be7
 6. d3  b5  7. Bb3
 d6  8. a4  Bg4 
9. c3  Na5  10. Bc2  c5
 11. h3  Be6  12. d4
 b4  13. Nbd2  Qc7
 14. d5  Bd7  15. Qe2
 O-O  16. Bd3  Nh5
 17. Nc4  Nb3  18. Ra2
 Nxc1  19. Rxc1  Nf4
 20. Qd2  bxc3  21. bxc3
 1/2-1/2

[Event "CB Experts 2014"]
[Site "Charleroi"]
[Date "2014.07.12"]
[Round "8.1"]
[White "Soors, Stef"]
[Black "Van Der Stricht, Geert"]
[Result "1/2-1/2"]
[LiveChessVersion "1.4.3"]
[BlackElo "2350"]
[WhiteElo "2391"]

1. e4  c5  2. Nf3  d6
 3. Bb5+  Nd7  4. d4
 cxd4  5. Qxd4  a6
 6. Bxd7+  Bxd7  7. c4
 e5  8. Qd3  b5 
9. Nc3  bxc4  10. Qxc4  Qc8
 11. Qd3  h6  12. O-O
 Nf6  13. b3  Qb7
 14. Nd2  Bb5  15. Nc4
 Qc6  16. Be3  Bxc4
 17. bxc4  Be7  18. Nd5
 Nxd5  19. cxd5  Qa4
 20. Rfc1  O-O  21. Rc4
 Qd7  22. Rc6  f5
 23. Rxa6  fxe4  24. Qc4
 Rxa6  25. Qxa6  Bg5
 26. Qa5  Bxe3  27. fxe3
 Rc8  28. Qb4  Qa7
 29. Qxe4  Rc3  30. Kf2
 Ra3  31. Rb1  Rxa2+
 32. Kf3  Qf7+  33. Kg3
 Qf2+  34. Kh3  Ra8
 35. Rb7  Rf8  36. Qg6
 Qf6  37. Qxf6  Rxf6
 38. Rd7  Kh7  39. Kg3
 h5  40. h3  Kg6 
41. Re7  Kh6  42. Rd7  g5
 43. Re7  1/2-1/2

[Event "CB Experts 2014"]
[Site "Charleroi"]
[Date "2014.07.12"]
[Round "8.2"]
[White "Geirnaert, Steven"]
[Black "Ringoir, Tanguy"]
[Result "0-1"]
[LiveChessVersion "1.4.3"]
[BlackElo "2506"]
[WhiteElo "2419"]

1. d4  f5  2. Bg5  h6
 3. Bh4  g5  4. Bg3
 Bg7  5. e4  fxe4
 6. h4  Nf6  7. hxg5
 hxg5  8. Rxh8+  Bxh8
 9. Qd2  g4  10. Nc3
 d5  11. Bxc7  Qxc7
 12. Qh6  Nc6  13. Qxh8+
 Kf7  14. Nge2  Rb8
 15. Qh6  Bf5  16. O-O-O
 e6  17. Ng3  Ne7
 18. Nh5  Nxh5  19. Qxh5+
 Kf6  20. Qh4+  Kf7
 21. Qh5+  Kf6  22. Qh6+
 Ng6  23. g3  b5 
24. Qe3  Qa5  25. Kb1  b4
 26. Ne2  Qc7  27. Nc1
 Rc8  28. Rd2  Rh8
 29. Nb3  Qh7  30. Rd1
 Qh1  31. Qd2  Qf3
 32. Re1  Rh2  33. Re2
 Rh1  34. Qe1  Nf4
 35. gxf4  g3  36. Nc1
 a5  37. b3  Bg4 
38. Re3  Qxf2  39. Qxf2  gxf2
 40. Bb5  Kf5  0-1

[Event "CB Experts 2014"]
[Site "Charleroi"]
[Date "2014.07.12"]
[Round "8.3"]
[White "Sadikhov, Ulvi"]
[Black "Beukema, Stefan"]
[Result "1-0"]
[LiveChessVersion "1.4.3"]
[BlackElo "2305"]
[WhiteElo "2335"]

1. e4  e5  2. Nf3  Nc6
 3. Bb5  a6  4. Ba4
 Nf6  5. O-O  Be7
 6. Re1  b5  7. Bb3
 d6  8. c3  O-O 
9. h3  Na5  10. Bc2  c5
 11. d4  Qc7  12. Nbd2
 Be6  13. d5  Bd7
 14. b3  g6  15. Nf1
 Nh5  16. Bh6  Ng7
 17. g4  Nb7  18. Qd2
 f6  19. a4  c4 
20. b4  Qc8  21. Ng3  Nd8
 22. Ra2  Nf7  23. Be3
 Kh8  24. Rea1  bxa4
 25. Bxa4  Bxa4  26. Rxa4
 f5  27. exf5  gxf5
 28. gxf5  Nxf5  29. Kh2
 Nxg3  30. fxg3  Qf5
 31. Qe2  Ng5  32. Bxg5
 Bxg5  33. Nxg5  Qxg5
 34. R4a2  Ra7  35. Rf1
 Rxf1  36. Qxf1  Kg7
 37. Qxc4  h5  38. Qe4
 Rf7  39. Rc2  Rf1
 40. h4  Qf6  41. Kg2
 Rd1  42. Rf2  Qg6
 43. Qf3  Rd3  44. Qf8+
 Kh7  45. Rf7+  1-0

[Event "CB Experts 2014"]
[Site "Charleroi"]
[Date "2014.07.12"]
[Round "8.4"]
[White "Hovhannisyan, Mher"]
[Black "Malakhatko, Vadim"]
[Result "1/2-1/2"]
[LiveChessVersion "1.4.3"]
[BlackElo "2560"]
[WhiteElo "2513"]

1. e4  c5  2. c3  Nf6
 3. e5  Nd5  4. d4
 cxd4  5. Nf3  e6
 6. cxd4  d6  7. exd6
 Bxd6  8. Nc3  Nxc3
 9. bxc3  Qc7  10. Bd2
 Nd7  11. Bd3  b6
 12. O-O  Bb7  13. h3
 O-O  14. Re1  Bf4
 15. Bxf4  Qxf4  16. Ne5
 Nxe5  17. Rxe5  Rac8
 18. Qe1  Rc7  19. a4
 Rfc8  20. Ra3  Bd5
 21. Ba6  Rb8  22. Qe3
 Qxe3  23. Rxe3  Bc4
 24. Bxc4  Rxc4  25. Kf1
 Kf8  26. Ke2 Ke7 27. Kd3 Rc7 28. Re5 Kd6 29. Rb5
a6 30. Rb4 e5 31. Rab3 Rc6 32. c4 exd4 1/2-1/2

[Event "CB Experts 2014"]
[Site "Charleroi"]
[Date "2014.07.12"]
[Round "8.5"]
[White "Le Quang, Kim"]
[Black "Dgebuadze, Alexandre"]
[Result "1/2-1/2"]
[LiveChessVersion "1.4.3"]
[BlackElo "2487"]
[WhiteElo "2288"]

1. e4  e6  2. d4  d5
 3. Nc3  Bb4  4. exd5
 exd5  5. Bd3  Nf6
 6. Nge2  Bg4  7. f3
 Bh5  8. Nf4  Bg6
 9. Qe2+  Qe7  10. Qxe7+
 Kxe7  11. Bd2  Bxc3
 12. Nxg6+  hxg6  13. Bxc3
 Nc6  14. Kf2  Kd7
 15. Rae1  Rae8  16. h3
 a6  17. a4  Rxe1
 18. Rxe1  Ne8  19. b4
 Nd6  20. b5  axb5
 21. axb5  Na7  22. Rb1
 Nac8  23. Ra1  Nb6
 24. Bb4  Nbc4  25. Bxd6
 Nxd6  26. Ra7  g5
 27. c3  Re8  28. Ra2
 f5  29. Re2  Rxe2+
 30. Kxe2  f4  31. Kd2
 Kc8  32. Kc2  Kb8
 33. Kb3  Ka7  34. Kb4
 Kb6  35. Ka4  c6
 36. bxc6  Kxc6  37. Kb4
 b6  38. Ka4  Kd7
 39. Kb3  Ke6  40. Kc2
 Kf6  41. Kd2  g6
 42. Ke2  Kg7  43. Kd2
 Kh6  44. Ke2  Kh5
 45. Kf1  Nf5  46. Bxf5
 gxf5  47. Kf2  b5
 48. Kf1  Kh4  49. Kg1
 Kg3  50. Kf1  g4
 51. hxg4  fxg4  52. fxg4
 Kxg4  53. Kf2  Kg5
 54. Ke2  Kf6  55. Kf2
 Kg6  56. g3  Kf5
 57. gxf4  Kxf4  58. Ke2
 Ke4  59. Kd2  b4
 60. cxb4  Kxd4  61. b5
 Kc5  62. Kc3  Kxb5
 63. Kd4  Kc6  64. Kd3
 Kc5  65. Kc3  d4+
 66. Kd3  Kd5  67. Kd2
 Ke4  68. Ke2  d3+
 69. Kd2  Kd4  70. Kd1
 Kc4  71. Kd2  Kd4
 72. Kd1  Ke3  73. Ke1
 d2+  74. Kd1  Kd3 1/2-1/2

[Event "CB Experts 2014"]
[Site "Charleroi"]
[Date "2014.07.13"]
[Round "9.1"]
[White "Beukema, Stefan"]
[Black "Geirnaert, Steven"]
[Result "1-0"]
[LiveChessVersion "1.4.3"]
[BlackElo "2419"]
[WhiteElo "2305"]

1. e4  e5  2. Nf3  Nc6
 3. d4  exd4  4. Nxd4
 Nf6  5. Nxc6  bxc6
 6. e5  Qe7  7. Qe2
 Nd5  8. c4  Ba6 
9. b3  O-O-O  10. Bb2  g5
 11. g3  Bg7  12. Bg2
 Rde8  13. O-O  Bxe5
 14. Qxe5  Qxe5  15. Bxe5
 Rxe5  16. cxd5  Bxf1
 17. Kxf1  cxd5  18. Nc3
 c6  19. Rc1  Kd8
 20. Ne2  Rhe8  21. Bf3
 f5  22. Bh5  R8e6
 23. f4  gxf4  24. Nxf4
 Rh6  25. h4  Kc7
 26. Kf2  Rf6  27. Bf3
 Kd6  28. b4  Rf8
 29. Rc5  Rfe8  30. Be2
 Re4  31. a3  R4e5
 32. Bd3  Kc7  33. Ng2
 Kb6  34. Kf3  d6
 35. Rc2  d4  36. Kf4
 a5  37. h5  axb4
 38. axb4  h6  39. Nh4
 Re4+  40. Bxe4  fxe4
 41. Nf5  d3  42. Rc1
 d5  43. Ke3  Rg8
 44. Rxc6+  Kxc6  45. Ne7+
 Kb5  46. Nxg8  d4+
 47. Kd2  Kc4  48. Nxh6
 e3+  49. Kd1  d2
 50. Ng4  Kd3  51. Ne5+
 Ke4  52. h6  1-0

[Event "CB Experts 2014"]
[Site "Charleroi"]
[Date "2014.07.13"]
[Round "9.2"]
[White "Malakhatko, Vadim"]
[Black "Le Quang, Kim"]
[Result "1/2-1/2"]
[LiveChessVersion "1.4.3"]
[BlackElo "2288"]
[WhiteElo "2560"]

1. d4  d6  2. Nf3  g6
 3. c4  f5  4. Nc3
 Nf6  5. g3  Bg7 
6. Bg2  O-O  7. O-O  c6
 8. Rb1  Na6  9. b4
 Nc7  10. Qb3  Kh8
 11. Rd1  Be6  12. d5
 cxd5  13. cxd5  Bg8
 14. Nd4  Qd7  15. Bb2
 g5  16. a4  f4 
17. Ndb5  Nce8  18. Ne4  Qf5
 19. Nxf6  Nxf6  20. Qd3
 Qxd3  21. Rxd3  Rfc8
 22. gxf4  gxf4  23. Rc1
 Ne8  24. Bxg7+  Kxg7
 25. Rdc3  Rxc3  26. Rxc3
 Kf6  27. Nc7  Nxc7
 28. Rxc7  b6  29. Rc4
 Kf5  30. Kf1  Bf7
 31. Bf3  Bg6  32. Ke1
 Ke5  33. Kd2  a6
 34. Rc7  Re8  35. Rb7
 b5  36. axb5  axb5
 37. Rxb5  Rc8  38. Rb7
 Rc2+  39. Kd1  Rb2
 40. Rxe7+  Kd4  41. Rc7
 Rxb4  42. Rc1  Rb1
 43. Rxb1  Ke5  1/2-1/2

[Event "CB Experts 2014"]
[Site "Charleroi"]
[Date "2014.07.13"]
[Round "9.3"]
[White "Van Der Stricht, Geert"]
[Black "Hovhannisyan, Mher"]
[Result "1-0"]
[LiveChessVersion "1.4.3"]
[BlackElo "2513"]
[WhiteElo "2350"]

1. d4  d5  2. c4  dxc4
 3. Nf3  a6  4. e3
 b5  5. a4  Bb7 
6. b3  e6  7. bxc4  bxc4
 8. Bxc4  Nd7  9. O-O
 Ngf6  10. Nbd2  Be7
 11. Rb1  Rb8  12. e4
 Bxe4  13. Rxb8  Nxb8
 14. Nxe4  Nxe4  15. Ne5
 Nf6  16. Re1  Nd5
 17. Nxf7  Kxf7  18. Qh5+
 g6  19. Qe5  Bf6
 20. Qxe6+  Kg7  21. Bxd5
 Rf8  22. Ba3  Bxd4
 23. Bxf8+  Qxf8  24. Qe7+
 1-0

[Event "CB Experts 2014"]
[Site "Charleroi"]
[Date "2014.07.13"]
[Round "9.4"]
[White "Ringoir, Tanguy"]
[Black "Soors, Stef"]
[Result "1/2-1/2"]
[LiveChessVersion "1.4.3"]
[BlackElo "2391"]
[WhiteElo "2506"]

1. d4  Nf6  2. c4  e6
 3. Nc3  Bb4  4. Qc2
 O-O  5. a3  Bxc3+
 6. Qxc3  d6  7. Nf3
 Nbd7  8. g3  b6 
9. Bg2  Bb7  10. O-O  c5
 11. b4  Qe7  12. Bb2
 a5  13. Rfd1  Rfd8
 14. Qb3  Be4  15. Bc3
 axb4  16. axb4  h6
 17. Rxa8  Rxa8  18. Ra1
 Rxa1+  19. Bxa1  d5
 20. bxc5  bxc5  21. cxd5
 Bxd5  22. Qa3  Ne4
 23. Ne1  Qg5  24. Nf3
 Qd8  25. dxc5  Ndxc5
 26. Bd4  Nb3  27. Qb2
 Nxd4  28. Qxd4  Qb8
 29. Nd2  Nxd2  30. Qxd2
 Bxg2  31. Kxg2  Qb7+
 32. Kg1  Qb1+  33. Kg2
 Qb7+  34. Kg1  Qb1+
 35. Kg2  Qb7+  1/2-1/2

[Event "CB Experts 2014"]
[Site "Charleroi"]
[Date "2014.07.13"]
[Round "9.5"]
[White "Dgebuadze, Alexandre"]
[Black "Sadikhov, Ulvi"]
[Result "1/2-1/2"]
[LiveChessVersion "1.4.3"]
[BlackElo "2335"]
[WhiteElo "2487"]

1. d4  d6  2. e4  Nf6
 3. Nc3  e5  4. Nf3
 Nbd7  5. Be2  Be7
 6. O-O  O-O  7. b3
 c6  8. Bb2  b5 
9. Bd3  a6  10. Ne2  Qc7
 11. Ng3  g6  12. c4
 Bb7  13. Re1  Rfe8
 14. a4  b4  15. Qc2
 exd4  16. Nxd4  Ne5
 17. f4  Ned7  18. h3
 Bf8  19. Nf3  Bh6
 20. Bc1  Bg7  21. Bd2
 a5  22. Rad1  Nc5
 23. Be3  Nfd7  24. Kh2
 Rad8  25. Bf1  Re7
 26. Bd4  Bh6  27. Be3
 Bg7  28. Bd4  Bh6
 29. Be3  Bg7  1/2-1/2